Cyprus at the crossroads : geographical perceptions and representations from the fifteenth century
Saved in:
| Other Authors: | , |
|---|---|
| Format: | Book |
| Language: | Greek |
| Published: |
Athens :
Ad Venture SA,
2014
|
| Subjects: | |
| Tags: |
Add Tag
No Tags, Be the first to tag this record!
|
MARC
| LEADER | 00000cam a2200000 i 4500 | ||
|---|---|---|---|
| 001 | 1/66413 | ||
| 008 | 150209s2014 gre d | ||
| 020 | |a 978-960-87792-8-0 | ||
| 035 | |l 10120972 | ||
| 040 | |a GR-MY-UA |b gre |e aacr | ||
| 041 | 0 | |a gre | |
| 082 | 0 | |a 956.93 |2 (23) | |
| 245 | 1 | 0 | |a Cyprus at the crossroads : |b geographical perceptions and representations from the fifteenth century / |c edited by Gilles Grivaud and George Tolias |
| 260 | |a Athens : |b Ad Venture SA, |c 2014 | ||
| 300 | |a 259 σ.; |c 24 εκ. | ||
| 500 | |a Sylvia Ioannou Foundation. | ||
| 651 | 0 | |a Cyprus |x Historical geography. | |
| 651 | 0 | |a Cyprus |x Description and travel. | |
| 700 | 1 | |a Grivaud, Gilles. |4 edt | |
| 700 | 1 | |a Tolias, George. |4 edt | |
| 852 | |a INST |b LESVOS |e 20150209 |h 956.93 CYP |p 005100056099 |q 005100056099 |t BK |y 0 | ||
| 901 | |a BIBL1-2015-1 | ||
| 970 | |a ΤΖΑΦΕΡΗ |b ΕΥΑΓΓΕΛΙΑ |z 2015/02/09 | ||